Körperteile mit nur einer Silbe - Statistiken

Allgemein
  • Dieses Quiz wurde 15.351 mal gespielt
    14.672 seit der letzten Aktualisierung
  • Das Durchschnittsergebnis liegt bei 15 aus 25
Antwortstatistiken
Antworten % Korrekt
Bein
93%
Arm
92%
Ohr
92%
Fuß
89%
Zeh
86%
Hand
80%
Mund
80%
Haar
76%
Herz
74%
Knie
73%
Kopf
72%
Bauch
70%
Hals
69%
Po
67%
Darm
66%
Brust
64%
Haut
60%
Zahn
59%
Milz
46%
Stirn
40%
Kinn
39%
Lid
15%
Nerv
11%
Band
8%
Rist / Spann
7%
Keine übereinstimmenden Quizze gefunden
Verteilung der Resultate
Anzahl Personen mit jedem Resultat
Perzentil nach korrekt beantworteten Fragen
Ihre Resultats-Entwicklung
Sie haben dieses Quiz seit der letzten Aktualisierung nicht gespielt